000 01291nam0a22003251 4500
001 v19\rc\1627587
005 20061002122315.5
035 _a(NLR Aleph) 004743718
090 _a4504998
_c4504998
100 _a20061002e18991899|||y0rusy50 ca
101 0 _arus
102 _aRU
105 _ay z |||||
200 1 _aНесколько слов в защиту спиритизма
_e[Ответ г. В. Лункевичу]
_fК. Ломизе
210 _aТифлис
_cтип. Либермана
_d1899
215 _a21 с.
_d21
300 _aИз предисл.: "Предлагаемая брош. представляет собой статью, напеч. в №№ 43, 44 и 46 журн. "Ребус" текущего года"
311 _aИз журн. "Ребус" за 1899 г., № 43-44, 46
488 0 _12001#$aРебус$v1899, № 43-44, 46
700 1 _aЛомизе
_bК. Х.
_gКаспар Христофорович
702 1 _aЛункевич
_bВ. В.
_f1866-1941
_gВалериан Викторович
_4570
801 0 _aRU
_bNLR
_gpsbo
801 0 _aRU
_bRuMoRGB
_2psbo
801 1 _aRU
_bProSoft-M
_2rusmarc
852 _aNLR
_j18.257.1.135
899 _aRuMoRGB
_jV 118/839
899 _aRuMoRGB
_jV 572/337
899 _aБАН
942 _cBOOK
980 _aNB